| 000 | 00729 a2200241 4500 | ||
|---|---|---|---|
| 001 | 200129692 | ||
| 999 |
_c200129692 _d31388 |
||
| 003 | TR-AnTOB | ||
| 005 | 20260331154128.0 | ||
| 040 | _aTR-AnTOB | ||
| 041 | _atur | ||
| 050 | 0 |
_aKKX1155 _b.K63 2006 |
|
| 090 | _aKKX1155 .K63 2006 | ||
| 245 | 0 | 0 |
_aKOBİler için fikri ve sınai mülkiyet hakları / _cBilgin Tiryakioğlu ... [v.b.]. |
| 246 | 1 | 0 | _aFikri ve sınai mülkiyet hakları. |
| 264 | 1 |
_aAnkara : _bTOBB, _c2006 |
|
| 300 |
_avi, 105 p. _c27 cm. |
||
| 650 | 0 |
_aIntellectual property _zTurkey _971502 |
|
| 650 | 0 |
_aFikri mülkiyet _zTürkiye _9126864 |
|
| 700 | 1 |
_aTiryakioğlu, Bilgin _990330 |
|
| 710 | 2 |
_aTürkiye Odalar ve Borsalar Birliği _918 |
|
| 942 | _cBK | ||